Verbose Movie Titles - Zombie Edition Quiz Stats

 Plays Quiz not verified by Sporcle

Score 0/12 Timer 06:00
0 Plays Today
Verbose Title Movie % Correct
First Light of Day Featuring Those No Longer LivingDawn of the Dead
94.1%
After Approximately One Lunar Cycle28 Days Later
82%
Period of Time During Which the Sun Is Below the Horizon Belonging to the Deceased Who Display Signs of AnimationNight of the Living Dead
81.2%
The Wicked People Deprived of LifeThe Evil Dead
78%
Variant of the Irish Derivative of John Associated with Expired PersonsShaun of the Dead
63.9%
Incorrectly Spelled Graveyard for Domesticated Animals Kept for CompanionshipPet Sematary
63.9%
Domain in Which the Subjects of This Quiz Are DominantZombieland
60%
One Who Brings Something To Life AgainRe-Animator
50.6%
My Identity Is Central Figure in a Story Handed Down by TradtionI Am Legend
49.4%
Goal-Oriented Procedure Sequentially Appearing After the Eighth Such Scheme That Originates at a Location Outside the Earth's AtmospherePlan 9 From Outer Space
31.4%
Star-Orbiting Celestial Body Named for Its Overwhelming Feeling of FearPlanet Terror
29%
Morally Corrupt Behaviour Living in a Particular PlaceResident Evil
20.8%

You're not logged in!

Compare scores with friends on all Sporcle quizzes.
OR
Log In

Sporcle TV

Today on Sporcle TV


Watch our educational content, quiz creation guides, and fun videos on Sporcle TV.

Show Comments

Extras

Top Quizzes Today


Score Distribution

Your Account Isn't Verified!

In order to create a playlist on Sporcle, you need to verify the email address you used during registration. Go to your Sporcle Settings to finish the process.

Report this User

Report this user for behavior that violates our Community Guidelines.

Details: